|
|
|
|
| LEADER |
01155nam a2200313 i 4500 |
| 001 |
28633 |
| 003 |
BD-DhAAL |
| 005 |
20141130121012.0 |
| 008 |
141130t19911933enk 000 1 eng |
| 010 |
|
|
|a 80020015
|
| 020 |
|
|
|a 080372697X (pbk.)
|
| 020 |
|
|
|a 0860680495
|
| 040 |
|
|
|a DLC
|c DLC
|d DLC
|d BD-DhAAL
|
| 050 |
0 |
0 |
|a PR6045.H15634
|b F7 1980
|
| 082 |
0 |
0 |
|a 823/.912
|2 19
|
| 100 |
1 |
|
|a White, Antonia,
|d 1899-1980.
|9 6284
|
| 245 |
1 |
0 |
|a Frost in May /
|c Antonia White; introduction by Elizabeth Bowen.
|
| 260 |
|
|
|a London :
|b Virago Press,
|c c1933 [reprinted 1991].
|
| 300 |
|
|
|a 220 p. ;
|c 21 cm.
|
| 490 |
1 |
|
|a A Virago modern classic
|
| 541 |
|
|
|e 28633
|
| 650 |
|
0 |
|a Catholic schools
|v Fiction.
|9 6285
|
| 650 |
|
0 |
|a Christian education of girls
|v Fiction
|9 6286
|
| 650 |
|
0 |
|a Catholic schools.
|9 6287
|
| 700 |
1 |
|
|a Bowen, Elizabeth
|9 6288
|
| 830 |
|
0 |
|a Virago modern classic.
|9 6289
|
| 942 |
|
|
|2 ddc
|c BK
|
| 999 |
|
|
|c 33147
|d 33147
|
| 952 |
|
|
|0 0
|1 0
|2 ddc
|4 0
|6 823_912000000000000_WHI
|7 0
|9 44249
|a BRACUL
|b BRACUL
|c GEN
|d 2014-11-30
|e BRAC Institute of Language (BIL)
|l 0
|o 823.912 WHI
|p 3010028633
|r 2014-11-30
|t 1
|w 2014-11-30
|y BK
|x Transferred from BIL to BRACUL on 06/06/22
|